[Event "Unterfranken-ch M2 63th"]
[Site "Schweinfurt"]
[Date "2012.04.14"]
[Round "9"]
[White "Unkelbach, Manfred"]
[Black "Drescher, Frank"]
[Result "1/2-1/2"]
[WhiteElo "1922"]
[BlackElo "1854"]
[PlyCount "66"]
[EventDate "2012.04.09"]
[EventType "swiss"]
[EventRounds "9"]
[EventCountry "GER"]
[SourceTitle "EXT 2015"]
[Source "ChessBase"]
[SourceDate "2014.11.20"]
[SourceVersion "1"]
[SourceVersionDate "2014.11.20"]
[SourceQuality "1"]

1. d4 Nf6 2. Nf3 g6 3. Bg5 Bg7 4. Nbd2 0-0 5. e3 d6 6. Bc4 Nbd7 7. 0-0 c6 8. c3 Qc7 9. Bb3 e5 10. Qc2 d5 11. dxe5 Nxe5 12. Nxe5 Qxe5 13. Nf3 Qe8 14. Bf4 Bf5 15. Qd1 Rd8 16. h3 Ne4 17. Rc1 Nc5 18. Bc2 Be4 19. Nd4 Qe7 20. Re1 Rfe8 21. b4 Nd7 22. Bc7 Rc8 23. Bg3 f5 24. Bb3 Bxd4 25. exd4 Qg5 26. h4 Qg4 27. Qxg4 fxg4 28. Re3 Bf5 29. Rce1 Rxe3 30. Rxe3 Kf7 31. Bd6 Re8 32. c4 Rxe3 33. fxe3 Nb6 1/2-1/2

[Event "Unterfranken-ch M2 63th"]
[Site "Schweinfurt"]
[Date "2012.04.13"]
[Round "7"]
[White "Unkelbach, Manfred"]
[Black "Trice, Mark"]
[Result "1-0"]
[WhiteElo "1922"]
[BlackElo "1833"]
[PlyCount "95"]
[EventDate "2012.04.09"]
[EventType "swiss"]
[EventRounds "9"]
[EventCountry "GER"]
[SourceTitle "EXT 2015"]
[Source "ChessBase"]
[SourceDate "2014.11.20"]
[SourceVersion "1"]
[SourceVersionDate "2014.11.20"]
[SourceQuality "1"]

1. d4 Nf6 2. Nf3 g6 3. Bg5 Bg7 4. Nbd2 d6 5. e3 0-0 6. Bc4 c6 7. c3 Nbd7 8. 0-0 Qc7 9. Qc2 e5 10. dxe5 dxe5 11. Rac1 b5 12. Bb3 Nc5 13. Bxf6 Bxf6 14. h3 Bf5 15. e4 Be6 16. Bxe6 Nxe6 17. c4 b4 18. Nb3 Rad8 19. Ne1 Nd4 20. Nxd4 exd4 21. Nd3 c5 22. f4 Rfe8 23. Rce1 Qc6 24. e5 Bg7 25. b3 Rc8 26. Qf2 f6 27. exf6 Bxf6 28. Rxe8+ Rxe8 29. Re1 Re3 30. Rxe3 dxe3 31. Qe2 Bd4 32. Kh2 Qe4 33. Kg3 g5 34. fxg5 a5 35. h4 Kg7 36. Kh3 Kg6 37. Kg3 Kg7 38. Kh3 h6 39. gxh6+ Kxh6 40. g4 Qh1+ 41. Kg3 Qg1+ 42. Kf4 Qa1 43. g5+ Kg7 44. h5 Qc3 45. h6+ Kh8 46. g6 Qd2 47. Kf3 Qc3 48. Qh2 1-0

[Event "Unterfranken-ch M2 55th"]
[Site "Bad Koenigshofen"]
[Date "2004.04.16"]
[Round "7"]
[White "Unkelbach, Manfred"]
[Black "Steinhauser, Thomas"]
[Result "1/2-1/2"]
[WhiteElo "1848"]
[BlackElo "1937"]
[PlyCount "20"]
[EventDate "2004.04.12"]
[EventType "swiss"]
[EventRounds "9"]
[EventCountry "GER"]
[SourceTitle "EXT 2015"]
[Source "ChessBase"]
[SourceDate "2014.11.20"]
[SourceVersion "1"]
[SourceVersionDate "2014.11.20"]
[SourceQuality "1"]

1. d4 d5 2. Nf3 Nf6 3. c4 e6 4. Nc3 c6 5. cxd5 exd5 6. Bg5 Be7 7. e3 0-0 8. Bd3 Qb6 9. Qc2 Nbd7 10. 0-0 h6 1/2-1/2

[Event "Unterfranken-ch M2 55th"]
[Site "Bad Koenigshofen"]
[Date "2004.04.15"]
[Round "6"]
[White "Feichtner, Erich"]
[Black "Unkelbach, Manfred"]
[Result "1/2-1/2"]
[WhiteElo "1885"]
[BlackElo "1848"]
[PlyCount "32"]
[EventDate "2004.04.12"]
[EventType "swiss"]
[EventRounds "9"]
[EventCountry "GER"]
[SourceTitle "EXT 2015"]
[Source "ChessBase"]
[SourceDate "2014.11.20"]
[SourceVersion "1"]
[SourceVersionDate "2014.11.20"]
[SourceQuality "1"]

1. d4 d5 2. c4 Nf6 3. Nc3 e6 4. Nf3 Nbd7 5. e3 c6 6. Bd3 Be7 7. 0-0 0-0 8. e4 dxe4 9. Nxe4 Nxe4 10. Bxe4 Nf6 11. Bc2 c5 12. Qd3 g6 13. Be3 Qc7 14. Qc3 Ng4 15. Rad1 Nxe3 16. Qxe3 cxd4 1/2-1/2

[Event "Unterfranken-ch M2 55th"]
[Site "Bad Koenigshofen"]
[Date "2004.04.14"]
[Round "4"]
[White "Unkelbach, Manfred"]
[Black "Markert, Markus"]
[Result "1-0"]
[WhiteElo "1848"]
[BlackElo "1819"]
[PlyCount "71"]
[EventDate "2004.04.12"]
[EventType "swiss"]
[EventRounds "9"]
[EventCountry "GER"]
[SourceTitle "EXT 2015"]
[Source "ChessBase"]
[SourceDate "2014.11.20"]
[SourceVersion "1"]
[SourceVersionDate "2014.11.20"]
[SourceQuality "1"]

1. d4 e6 2. Nf3 d5 3. c3 Nf6 4. Bg5 Be7 5. Nbd2 Nbd7 6. e3 c5 7. Bd3 Qc7 8. 0-0 Bd6 9. Bxf6 Nxf6 10. dxc5 Bxc5 11. e4 Bd7 12. Qe2 Bc6 13. e5 Nd7 14. Nb3 Bb6 15. Nbd4 h6 16. Nb5 Bxb5 17. Bxb5 0-0 18. Bd3 Rac8 19. Rae1 Rfd8 20. Bb1 Qc4 21. Qc2 Nf8 22. Qd2 Rc7 23. Nd4 Bxd4 24. cxd4 Rdc8 25. f4 Qa4 26. b3 Qc6 27. Re3 Ng6 28. f5 Nf8 29. Rg3 Kh8 30. f6 g5 31. Rh3 Qc1 32. Rxh6+ Kg8 33. Rxc1 Rxc1+ 34. Kf2 Rxb1 35. Qxg5+ Ng6 36. Rxg6+ 1-0

[Event "Unterfranken-ch M2 55th"]
[Site "Bad Koenigshofen"]
[Date "2004.04.12"]
[Round "2"]
[White "Unkelbach, Manfred"]
[Black "Boeckler, Michael"]
[Result "1/2-1/2"]
[WhiteElo "1848"]
[BlackElo "1787"]
[PlyCount "22"]
[EventDate "2004.04.12"]
[EventType "swiss"]
[EventRounds "9"]
[EventCountry "GER"]
[SourceTitle "EXT 2015"]
[Source "ChessBase"]
[SourceDate "2014.11.20"]
[SourceVersion "1"]
[SourceVersionDate "2014.11.20"]
[SourceQuality "1"]

1. d4 d5 2. Nf3 Nf6 3. Bg5 Bf5 4. Bxf6 exf6 5. e3 c6 6. Bd3 Be4 7. Nc3 f5 8. Ne2 Bxf3 9. gxf3 g6 10. h4 h5 11. Nf4 Bd6 1/2-1/2

[Event "Unterfranken-ch M2 53th"]
[Site "Wuerzburg"]
[Date "2002.??.??"]
[Round "5"]
[White "Kraus, Arnold"]
[Black "Unkelbach, Manfred"]
[Result "0-1"]
[WhiteElo "1806"]
[BlackElo "1901"]
[PlyCount "62"]
[EventDate "2002.04.01"]
[EventType "swiss"]
[EventRounds "9"]
[EventCountry "GER"]
[SourceTitle "EXT 2015"]
[Source "ChessBase"]
[SourceDate "2014.11.20"]
[SourceVersion "1"]
[SourceVersionDate "2014.11.20"]
[SourceQuality "1"]

1. d4 d5 2. c4 e6 3. Nc3 Nf6 4. Bg5 Be7 5. e3 0-0 6. Bd3 Nbd7 7. Nf3 c5 8. cxd5 Nxd5 9. Bxe7 Nxe7 10. Qc2 h6 11. 0-0-0 cxd4 12. Nxd4 Qb6 13. g4 Ne5 14. Be2 Bd7 15. f4 N5g6 16. Kb1 Rac8 17. Qd2 Rfd8 18. Bd3 e5 19. fxe5 Nxe5 20. h3 Nxd3 21. Qxd3 f6 22. Rh2 Be8 23. Ka1 Ng6 24. Rhd2 Ne5 25. Qf5 Bf7 26. Nf3 Nc4 27. Rxd8+ Rxd8 28. Rxd8+ Qxd8 29. Qc5 Qd3 30. Qc8+ Kh7 31. Qxb7 Qf1+ 0-1

[Event "Unterfranken-ch M2 53th"]
[Site "Wuerzburg"]
[Date "2002.??.??"]
[Round "6"]
[White "Unkelbach, Manfred"]
[Black "Mader, Heiko"]
[Result "0-1"]
[WhiteElo "1901"]
[BlackElo "1912"]
[PlyCount "120"]
[EventDate "2002.04.01"]
[EventType "swiss"]
[EventRounds "9"]
[EventCountry "GER"]
[SourceTitle "EXT 2015"]
[Source "ChessBase"]
[SourceDate "2014.11.20"]
[SourceVersion "1"]
[SourceVersionDate "2014.11.20"]
[SourceQuality "1"]

1. d4 Nf6 2. Nf3 c5 3. c3 cxd4 4. cxd4 g6 5. Nc3 Bg7 6. e3 0-0 7. Be2 d5 8. 0-0 Nbd7 9. b3 b6 10. Ba3 Re8 11. Rc1 a6 12. Bb2 Bb7 13. Bd3 Qb8 14. h3 Qd6 15. Qe2 e5 16. dxe5 Nxe5 17. Nd4 Nfd7 18. Qd2 Nc5 19. Bb1 Rad8 20. Rfd1 Qf6 21. Nce2 Qh4 22. Ng3 Ne4 23. Nxe4 dxe4 24. Qb4 Nd3 25. Bxd3 exd3 26. Qxb6 Qe4 27. Nf3 Bxb2 28. Rc4 Qe7 29. Rb1 Bxf3 30. gxf3 d2 31. Rd1 Qd6 32. Rc6 Qd5 33. Rf6 Bxf6 34. Qxf6 Qd3 35. Qb2 Qe2 36. Qc2 Re6 37. Kg2 Red6 38. a3 Qd3 39. Qb2 Qf5 40. b4 Rd3 41. a4 Qd5 42. b5 axb5 43. axb5 Qb3 44. Rxd2 Qxb2 45. Rxb2 Rd2 46. Rb1 Rc2 47. b6 Rb8 48. f4 Rc6 49. Rh1 Rbxb6 50. Kf3 f5 51. h4 Rc2 52. Rh2 Rbb2 53. Rg2 Kf7 54. Rh2 Rc1 55. h5 Kf6 56. hxg6 hxg6 57. Rh6 Kg7 58. Rh2 Rbb1 59. Kg2 Rg1+ 60. Kf3 Rh1 0-1

[Event "Unterfranken-ch M2 51th"]
[Site "Sailauf"]
[Date "2000.04.29"]
[Round "9"]
[White "Unkelbach, Manfred"]
[Black "Bachmann, Wolfgang"]
[Result "0-1"]
[WhiteElo "1892"]
[BlackElo "1953"]
[PlyCount "134"]
[EventDate "2000.04.24"]
[EventType "swiss"]
[EventRounds "9"]
[EventCountry "GER"]
[SourceTitle "EXT 2015"]
[Source "ChessBase"]
[SourceDate "2014.11.20"]
[SourceVersion "1"]
[SourceVersionDate "2014.11.20"]
[SourceQuality "1"]

1. d4 Nf6 2. Nf3 g6 3. Bg5 Bg7 4. e3 d5 5. Bd3 0-0 6. Nbd2 c5 7. c3 Qb6 8. Rb1 Nbd7 9. 0-0 e5 10. dxe5 Ng4 11. h3 Ngxe5 12. Bc2 Re8 13. Bf4 Nc6 14. Nb3 Nf6 15. Re1 Ne7 16. Nc1 Bf5 17. Bxf5 Nxf5 18. Qb3 Qxb3 19. Nxb3 b6 20. Rbd1 Rad8 21. Kf1 Nd6 22. Nc1 Nc4 23. Re2 Ne4 24. Rc2 h6 25. Ne2 g5 26. Bh2 Rd7 27. Ng3 Nxg3+ 28. Bxg3 Red8 29. Bh2 f6 30. g4 Kf7 31. Nd2 Ne5 32. Ke2 Nc6 33. Nf3 Kg6 34. Rcd2 Ne5 35. Ne1 Nc4 36. Rc2 f5 37. Nf3 Re7 38. b3 Ne5 39. Bxe5 Bxe5 40. Nxe5+ Rxe5 41. Rcd2 f4 42. Rd3 Kf6 43. f3 Rxe3+ 44. Rxe3 fxe3 45. Kxe3 Ke5 46. Re1 Kf6 47. Rd1 Re8+ 48. Kf2 Re5 49. Rd3 Ke6 50. Rd2 Kd6 51. Rd1 b5 52. Rh1 d4 53. cxd4 cxd4 54. h4 Kc5 55. hxg5 hxg5 56. Rd1 a5 57. Rd3 a4 58. Rd2 axb3 59. axb3 Re3 60. Rb2 Kb4 61. Rd2 Kc3 62. Rd1 Re5 63. b4 d3 64. f4 gxf4 65. Kf3 d2 66. Ra1 Re1 67. Ra3+ Kxb4 0-1

[Event "Unterfranken-ch M2 51th"]
[Site "Sailauf"]
[Date "2000.04.27"]
[Round "5"]
[White "Holzapfel, Johannes"]
[Black "Unkelbach, Manfred"]
[Result "1/2-1/2"]
[WhiteElo "1927"]
[BlackElo "1892"]
[PlyCount "33"]
[EventDate "2000.04.24"]
[EventType "swiss"]
[EventRounds "9"]
[EventCountry "GER"]
[SourceTitle "EXT 2015"]
[Source "ChessBase"]
[SourceDate "2014.11.20"]
[SourceVersion "1"]
[SourceVersionDate "2014.11.20"]
[SourceQuality "1"]

1. e4 d6 2. Nf3 b6 3. c3 Bb7 4. Be2 Nf6 5. d3 c5 6. Nbd2 Nbd7 7. 0-0 g6 8. d4 cxd4 9. cxd4 Nxe4 10. Nxe4 Bxe4 11. Ng5 d5 12. Nxe4 dxe4 13. Bb5 Bg7 14. Bc6 Rc8 15. Qa4 Qc7 16. d5 Be5 17. Bh6 1/2-1/2

[Event "Unterfranken-ch M2 51th"]
[Site "Sailauf"]
[Date "2000.04.27"]
[Round "6"]
[White "Steeger, Horst"]
[Black "Unkelbach, Manfred"]
[Result "1-0"]
[WhiteElo "1894"]
[BlackElo "1892"]
[PlyCount "67"]
[EventDate "2000.04.24"]
[EventType "swiss"]
[EventRounds "9"]
[EventCountry "GER"]
[SourceTitle "EXT 2015"]
[Source "ChessBase"]
[SourceDate "2014.11.20"]
[SourceVersion "1"]
[SourceVersionDate "2014.11.20"]
[SourceQuality "1"]

1. d4 d5 2. Bf4 Bf5 3. e3 c6 4. Nd2 Nf6 5. Ngf3 h6 6. Be2 e6 7. 0-0 Be7 8. h3 Nbd7 9. a3 c5 10. dxc5 Bxc5 11. b4 Be7 12. c4 dxc4 13. Nxc4 0-0 14. Qb3 Nb6 15. Rfd1 Nbd5 16. Na5 b6 17. Nc6 Qd7 18. Rac1 Qb7 19. Be5 Be4 20. Nfd4 Ne8 21. f3 Bg6 22. e4 Nec7 23. Nxe7+ Kh7 24. Nxg6 Kxg6 25. f4 f6 26. Bxc7 Nxc7 27. Nxe6 Nxe6 28. Qxe6 Kh7 29. Rd7 Qb8 30. Rcc7 Rg8 31. Qf5+ Kh8 32. Qg6 Qe8 33. Qxh6+ gxh6 34. Rh7# 1-0

[Event "Unterfranken-ch M2 48th"]
[Site "Bergrheinfeld"]
[Date "1997.??.??"]
[Round "2"]
[White "Unkelbach, Manfred"]
[Black "Mueller, Rigo"]
[Result "1/2-1/2"]
[WhiteElo "1856"]
[BlackElo "1918"]
[PlyCount "71"]
[EventDate "1997.03.31"]
[EventType "swiss"]
[EventRounds "9"]
[EventCountry "GER"]
[SourceTitle "EXT 2015"]
[Source "ChessBase"]
[SourceDate "2014.11.20"]
[SourceVersion "1"]
[SourceVersionDate "2014.11.20"]
[SourceQuality "1"]

1. d4 b6 2. e4 Bb7 3. Bd3 e6 4. Nf3 c5 5. c3 Nf6 6. Bg5 h6 7. Bxf6 Qxf6 8. Nbd2 Nc6 9. dxc5 Bxc5 10. Qe2 e5 11. 0-0 0-0 12. Rad1 Rad8 13. Rfe1 Rfe8 14. Bc2 Bf8 15. Nf1 d6 16. Ne3 Rc8 17. Bb3 Ne7 18. Bd5 Nxd5 19. Nxd5 Qe6 20. Rd2 f5 21. Red1 Rc5 22. Ne1 fxe4 23. Qxe4 Qf7 24. Nc2 Rec8 25. Nce3 Ba8 26. Qg4 Re8 27. h4 Bb7 28. Qf5 Re6 29. Qxf7+ Kxf7 30. Nf5 g6 31. Nfe3 h5 32. c4 Bh6 33. b3 Bxd5 34. Rxd5 Bxe3 35. fxe3 Rxd5 36. Rxd5 1/2-1/2

[Event "Unterfranken-ch M2 48th"]
[Site "Bergrheinfeld"]
[Date "1997.??.??"]
[Round "1"]
[White "Unkelbach, Manfred"]
[Black "Salveter, Michael"]
[Result "1-0"]
[WhiteElo "1856"]
[BlackElo "1727"]
[PlyCount "81"]
[EventDate "1997.03.31"]
[EventType "swiss"]
[EventRounds "9"]
[EventCountry "GER"]
[SourceTitle "EXT 2015"]
[Source "ChessBase"]
[SourceDate "2014.11.20"]
[SourceVersion "1"]
[SourceVersionDate "2014.11.20"]
[SourceQuality "1"]

1. d4 Nf6 2. Nf3 d5 3. Bg5 e6 4. e3 Be7 5. Bd3 Nc6 6. c3 Nh5 7. Bxe7 Nxe7 8. Ne5 Nf6 9. Nd2 Ng6 10. f4 Qd6 11. Qe2 c5 12. 0-0 c4 13. Bc2 Ne7 14. e4 0-0 15. Ng4 Nxg4 16. Qxg4 f5 17. exf5 exf5 18. Qe2 Ng6 19. g3 Bd7 20. Nf3 b5 21. a3 Rae8 22. Qd2 Re7 23. Ne5 Qb6 24. Kg2 Qf6 25. Rae1 h5 26. Qd1 h4 27. Qh5 Be8 28. Qf3 Bf7 29. Re3 Rfe8 30. Rfe1 Be6 31. Qh5 Nh8 32. gxh4 g6 33. Qg5 Kg7 34. Rg3 Qxg5 35. Rxg5 Kf6 36. h5 gxh5 37. Rxh5 Rg7+ 38. Kf3 Reg8 39. Rh6+ Ng6 40. Rg1 Bf7 41. Rg5 1-0

[Event "Unterfranken-ch M2 46th"]
[Site "Karlburg"]
[Date "1995.??.??"]
[Round "?"]
[White "Unkelbach, Manfred"]
[Black "Reitz, Helmut"]
[Result "0-1"]
[WhiteElo "1783"]
[BlackElo "1822"]
[PlyCount "160"]
[EventDate "1995.04.17"]
[EventType "swiss"]
[EventRounds "9"]
[EventCountry "GER"]
[SourceTitle "EXT 2015"]
[Source "ChessBase"]
[SourceDate "2014.11.20"]
[SourceVersion "1"]
[SourceVersionDate "2014.11.20"]
[SourceQuality "1"]

1. d4 Nf6 2. Nf3 g6 3. Bf4 Bg7 4. e3 d6 5. c3 0-0 6. Bc4 Nbd7 7. Nbd2 c5 8. 0-0 d5 9. Bb3 cxd4 10. cxd4 Nb6 11. h3 Bd7 12. Rc1 Rc8 13. Rxc8 Qxc8 14. Ne5 Be6 15. Ndf3 Ne4 16. Qc1 Nc4 17. Qc2 b5 18. Rc1 Qb7 19. Nd3 Rc8 20. Qd1 f6 21. Bc2 a5 22. Bb1 b4 23. Qe2 Bd7 24. Qe1 Bb5 25. Kh1 Ba6 26. Ng1 e5 27. dxe5 fxe5 28. Bh2 Rf8 29. f3 Ng5 30. b3 Nd6 31. Nxe5 Nb5 32. Ne2 Re8 33. f4 Bxe5 34. fxe5 Nf7 35. Bd3 Nxe5 36. Bxe5 Rxe5 37. Qg3 Qe7 38. Bxb5 Bxb5 39. Nd4 Rxe3 40. Nf5 Rxg3 41. Nxe7+ Kf7 42. Nxd5 Rg5 43. Rc5 Bf1 44. Rc7+ Ke6 45. Ne3 Bd3 46. Rc1 Re5 47. Re1 Re4 48. Kg1 Ke5 49. g3 Kd4 50. Kf2 Kc3 51. Kf3 Rd4 52. Rc1+ Kb2 53. Rc5 Kxa2 54. Rxa5+ Kxb3 55. Ng4 Kb2 56. Ke3 Rd8 57. Ne5 Bf1 58. Nc6 Re8+ 59. Kf2 Rf8+ 60. Kg1 b3 61. Nd4 Kc3 62. Nxb3 Kxb3 63. Ra7 h5 64. Rg7 Bd3 65. Rc7 Kb2 66. Rc6 Rf1+ 67. Kh2 Rh1+ 68. Kxh1 Be4+ 69. Kg1 Bxc6 70. Kf2 Kc3 71. Ke3 Bd7 72. h4 Bf5 73. Kf3 Kd3 74. Kf2 Be4 75. Kg1 Ke3 76. Kh2 Bf5 77. Kg2 Bg4 78. Kg1 Kf3 79. Kh2 Kf2 80. Kh1 Kxg3 0-1

[Event "Unterfranken-ch M2 43th"]
[Site "Sailauf"]
[Date "1992.??.??"]
[Round "?"]
[White "Albert, Ruediger"]
[Black "Unkelbach, Manfred"]
[Result "1/2-1/2"]
[WhiteElo "1806"]
[BlackElo "1738"]
[PlyCount "41"]
[EventDate "1992.04.20"]
[EventType "swiss"]
[EventRounds "9"]
[EventCountry "GER"]
[SourceTitle "EXT 1998"]
[Source "ChessBase"]
[SourceDate "1997.11.17"]
[SourceVersion "1"]
[SourceVersionDate "1997.11.17"]
[SourceQuality "1"]

1. e4 d5 2. exd5 Nf6 3. d4 Nxd5 4. Nf3 Bg4 5. Bc4 e6 6. 0-0 Be7 7. Nc3 0-0 8. Nxd5 exd5 9. Bd3 Nd7 10. Bf4 Nf6 11. Re1 Bd6 12. Be5 Re8 13. Be2 c6 14. Qd3 Bh5 15. Bxd6 Qxd6 16. Ne5 Bxe2 17. Rxe2 Re6 18. Qf3 Rae8 19. Rae1 R8e7 20. Qd3 Ne4 21. Qd1 1/2-1/2

[Event "Unterfranken-ch M2 43th"]
[Site "Sailauf"]
[Date "1992.??.??"]
[Round "?"]
[White "Unkelbach, Manfred"]
[Black "Becker, Michael2222"]
[Result "1/2-1/2"]
[WhiteElo "1738"]
[BlackElo "1840"]
[PlyCount "120"]
[EventDate "1992.04.20"]
[EventType "swiss"]
[EventRounds "9"]
[EventCountry "GER"]
[SourceTitle "EXT 1998"]
[Source "ChessBase"]
[SourceDate "1997.11.17"]
[SourceVersion "1"]
[SourceVersionDate "1997.11.17"]
[SourceQuality "1"]

1. d4 d5 2. Nf3 e6 3. Bg5 Be7 4. Bxe7 Nxe7 5. Nbd2 0-0 6. e3 b6 7. Bd3 c5 8. c3 Ba6 9. Bxa6 Nxa6 10. 0-0 Rc8 11. Qa4 Nc7 12. Qxa7 Qd6 13. Qa4 Ra8 14. Qc2 c4 15. e4 b5 16. a3 Ra6 17. Rae1 h6 18. h3 Re8 19. Re2 Qd8 20. Nh2 Rf8 21. e5 g6 22. Ng4 Kg7 23. Qc1 Nf5 24. Nf3 Rh8 25. Ne3 Ne7 26. Nh2 Ng8 27. Nc2 Ne7 28. Nb4 Rb6 29. f4 Nf5 30. Qe1 h5 31. g3 Na6 32. Nc2 Nb8 33. Ne3 Nxe3 34. Rxe3 Nc6 35. Nf3 Ne7 36. Nh4 Ng8 37. Ref3 Nh6 38. Kf2 Ra6 39. Ng2 Ra8 40. Ne3 Rh7 41. Ke2 Qa5 42. Qd1 Rah8 43. Rh1 Qa7 44. Rff1 Qa4 45. Rfg1 Qa8 46. Rg2 Qd8 47. Rhg1 Qa5 48. Kd2 Qa7 49. Qc2 Qa4 50. Kc1 Kf8 51. Kb1 Ke7 52. Qf2 Qa7 53. g4 hxg4 54. hxg4 Qd7 55. Rh2 Kf8 56. Rgh1 Kg7 57. f5 exf5 58. gxf5 Nxf5 59. Nxf5+ Qxf5+ 60. Qxf5 gxf5 1/2-1/2